000 00510nam a22001697a 4500
005 20231124103647.0
008 231124b |||||||| |||| 00| 0 eng d
041 _aEnglish
082 _a340.9 DIC
100 _aMorris, JHC
_lEnglish
245 _aDicey's Conflict of Laws /
_cJHC Morris
250 _aSeventh Edition
260 _aLondon :
_bStevens and Sons Limited,
_c1958
300 _bcxxiv, 1180 pages ;
_c26 cm.
650 _aLegal practice
_bLaw
942 _cBK
_6340_900000000000000_DIC
999 _c939
_d939